[Event "Getxo op 4th"]
[Site "Getxo"]
[Date "2019.09.09"]
[Round "3"]
[White "Reguillaga Elias, Manex"]
[Black "Zubizarreta Landera, Maddi"]
[Result "1-0"]
[WhiteElo "1895"]
[BlackElo "1299"]
[PlyCount "77"]
[EventDate "2019.09.08"]
[EventType "swiss"]
[EventRounds "9"]
[EventCountry "ESP"]
[SourceTitle "EXT 2020"]
[Source "ChessBase"]
[SourceDate "2019.10.17"]
[SourceVersion "1"]
[SourceVersionDate "2019.10.17"]
[SourceQuality "1"]

1. d4 Nc6 2. c4 e5 3. d5 Bb4+ 4. Nc3 Nce7 5. Nf3 Ng6 6. Bd2 Bxc3 7. Bxc3 d6 8. e3 N8e7 9. Be2 0-0 10. h4 Re8 11. h5 Nf8 12. Nd2 h6 13. g4 Nh7 14. Qc2 c6 15. dxc6 Nxc6 16. 0-0-0 a6 17. Ne4 Re6 18. f4 exf4 19. exf4 Qe7 20. Bd3 Nf6 21. Nxf6+ gxf6 22. Bh7+ Kf8 23. Bf5 Re2 24. Qd3 Qe3+ 25. Qxe3 Rxe3 26. Bxc8 Rxc8 27. Rxd6 Re4 28. Rxf6 Rxc4 29. Rxh6 Nd4 30. Rh8+ Ke7 31. Rxc8 Rxc8 32. h6 Ne2+ 33. Kd2 Nxc3 34. bxc3 Kf6 35. h7 Rh8 36. g5+ Kg7 37. Ke3 a5 38. Kf3 a4 39. Rh6 1-0

[Event "Euskadi-ch (Women)"]
[Site "Vitoria Gasteiz"]
[Date "2019.06.09"]
[Round "4"]
[White "Barrio Ugidos, Ainhoa"]
[Black "Zubizarreta Landera, Maddi"]
[Result "1-0"]
[WhiteElo "1855"]
[BlackElo "1294"]
[PlyCount "48"]
[EventDate "2019.06.08"]
[EventType "swiss"]
[EventRounds "5"]
[EventCountry "ESP"]
[SourceTitle "EXT 2020"]
[Source "ChessBase"]
[SourceDate "2019.10.17"]
[SourceVersion "1"]
[SourceVersionDate "2019.10.17"]
[SourceQuality "1"]

1. e4 e6 2. d4 d5 3. e5 c5 4. Nf3 cxd4 5. Bd3 Nc6 6. 0-0 Nge7 7. Bf4 Ng6 8. Bg3 Be7 9. Nbd2 f5 10. exf6 gxf6 11. Nb3 e5 12. Bb5 Bg4 13. Be2 Qd7 14. Nfxd4 exd4 15. a3 Bxe2 16. Qxe2 h5 17. h3 f5 18. Qd3 Rg8 19. Rad1 f4 20. Qf3 fxg3 21. Rxd4 gxf2+ 22. Rxf2 Nh4 23. Qf7+ Kd8 24. Qxg8+ Kc7 1-0

[Event "Portugalete Bizkaia-ch U16"]
[Site "Portugalete"]
[Date "2019.01.03"]
[Round "4.3"]
[White "Reguillaga Elias, Manex"]
[Black "Zubizarreta Landera, Maddi"]
[Result "1-0"]
[WhiteElo "1958"]
[BlackElo "1716"]
[PlyCount "41"]
[EventDate "2018.12.27"]
[EventType "swiss"]
[EventRounds "5"]
[EventCountry "ESP"]
[SourceTitle "EXT 2024"]
[Source "ChessBase"]
[SourceDate "2023.10.10"]
[SourceVersion "1"]
[SourceVersionDate "2023.10.10"]
[SourceQuality "1"]

1. d4 Nf6 2. c4 Nc6 3. Nf3 e6 4. Nc3 Bb4 5. Qc2 h6 6. e4 d6 7. Bd3 e5 8. d5 Ne7 9. Qa4+ Qd7 10. Qxb4 0-0 11. 0-0 Ng6 12. Ne2 b6 13. h3 Qd8 14. Be3 Nh5 15. Qd2 Kh7 16. g4 Nf6 17. Ng3 Ng8 18. Nf5 a6 19. h4 Bxf5 20. gxf5 N6e7 21. Be2 1-0

[Event "Portugalete Bizkaia-ch U16"]
[Site "Portugalete"]
[Date "2018.12.28"]
[Round "2.2"]
[White "Zubizarreta Landera, Maddi"]
[Black "Calleja Gonzalez, Unai"]
[Result "0-1"]
[WhiteElo "1716"]
[BlackElo "1773"]
[PlyCount "102"]
[EventDate "2018.12.27"]
[EventType "swiss"]
[EventRounds "5"]
[EventCountry "ESP"]
[SourceTitle "EXT 2024"]
[Source "ChessBase"]
[SourceDate "2023.10.10"]
[SourceVersion "1"]
[SourceVersionDate "2023.10.10"]
[SourceQuality "1"]

1. e4 c6 2. d4 d5 3. exd5 cxd5 4. Bf4 Nc6 5. Nf3 Bg4 6. c3 e6 7. Bd3 Nf6 8. h3 Bh5 9. Nbd2 Bd6 10. Bxd6 Qxd6 11. 0-0 0-0 12. Re1 Bg6 13. Qc2 Rac8 14. a3 Qf4 15. Ne5 Nxd4 16. Qb1 Qxd2 17. cxd4 Bxd3 18. Nxd3 Qc2 19. Kf1 Ne4 20. Qxc2 Rxc2 21. Rac1 Rfc8 22. Rcd1 Kf8 23. Re2 Rxe2 24. Kxe2 Rc2+ 25. Ke3 Nd6 26. b3 Nf5+ 27. Kf4 Re2 28. Kf3 Nxd4+ 29. Kg3 Nf5+ 30. Kf4 Re4+ 31. Kf3 Nd4+ 32. Kg3 b6 33. Rb1 Ke7 34. Kh2 Nc6 35. Kg1 Rd4 36. Nb2 Kd6 37. Kf1 a5 38. Ke2 Re4+ 39. Kd2 e5 40. Na4 Rf4 41. Ke3 d4+ 42. Ke2 b5 43. Nb2 e4 44. Rd1 Rf5 45. Rd2 Rd5 46. Nd1 f5 47. f3 e3 48. Rb2 f4 49. Rb1 d3+ 50. Ke1 b4 51. a4 Nd4 0-1